000 00434nam a2200121Ia 4500
008 220620s9999||||xx |||||||||||||| ||und||
245 0 _aIntellectual Property Rights
_bPatent
546 _aEnglish[eng]
650 _aSociology
700 _aLakshmana Prabu, Sakthivel||Tnk, Suriyaprakash||Jacob-Lopes, Eduardo||Queiroz Zepka, Leila
856 _uhttps://mts.intechopen.com/storage/books/6927/authors_book/authors_book.pdf
942 _cEB
999 _c27034
_d27034